Understanding ASEAN

Wedi'i Gadw mewn:
Manylion Llyfryddiaeth
Fformat: Llyfr
Iaith:Undetermined
Cyhoeddwyd: New York St. Martin's Press 1982
Pynciau:
Tagiau: Ychwanegu Tag
Dim Tagiau, Byddwch y cyntaf i dagio'r cofnod hwn!
Thư viện lưu trữ: Trung tâm Học liệu Trường Đại học Cần Thơ
LEADER 00484nam a2200181Ia 4500
001 CTU_92106
008 210402s9999 xx 000 0 und d
082 |a 337.1 
082 |b U55 
245 0 |a Understanding ASEAN 
245 0 |c edited by Alison Broinowski 
260 |a New York 
260 |b St. Martin's Press 
260 |c 1982 
650 |a economic integration 
650 |z asia, southeastern 
904 |i Bằng 
980 |a Trung tâm Học liệu Trường Đại học Cần Thơ